书目信息 |
| 题名: |
民营企业内部管理
|
|
| 作者: | 张建军 , 常兴华 编著 | |
| 分册: | 上册 | |
| 出版信息: | 北京 中国水利水电出版社 2005 |
|
| 页数: | 302 | |
| 开本: | 20cm | |
| 丛书名: | ||
| 单 册: | ||
| 中图分类: | F276.5 | |
| 科图分类: | ||
| 主题词: | 企业经济 | |
| 电子资源: | ||
| ISBN: | 7-5084-2726-2 | |
| 000 | 00719nam0 2200205 450 | |
| 001 | 0760515518 | |
| 005 | 20070817164835.51 | |
| 010 | @a7-5084-2726-2@d¥18.00 | |
| 100 | @a20070817d km y0chiy0120 ea | |
| 101 | 0 | @achi |
| 200 | 1 | @a民营企业内部管理@Amin ying qi ye nei bu guan li@e最实用德方法和工具精选@h上册@f常兴华,张建军编著@Fchang xing hua,zhang jian jun bian zhu |
| 210 | @a北京@c中国水利水电出版社@d2005 | |
| 215 | @a302@d20cm | |
| 517 | 1 | @a最实用德方法和工具精选@Azui shi yong de fang fa he gong ju jing xuan |
| 606 | 0 | @a企业经济 |
| 690 | @aF276.5@v3 | |
| 701 | 0 | @a张建军@Azhang jian jun@4编著 |
| 701 | 0 | @a常兴华@Achang xing hua@4编著 |
| 801 | 0 | @aCN@bPFT@c20070817 |
| 905 | @a213230@dF276.5@eg296:1@f1 | |
| 民营企业内部管理:最实用德方法和工具精选.上册/常兴华,张建军编著.-北京:中国水利水电出版社,2005 |
| 302;20cm |
| ISBN 7-5084-2726-2:¥18.00 |
| ● |
| 相关链接 |
|
|
|
|
正题名:民营企业内部管理
索取号:F276.5/g296:1
 
预约/预借
| 序号 | 登录号 | 条形码 | 馆藏地/架位号 | 状态 | 备注 |
| 1 | 6503877 | 265038773 | 密集书库-海洋学院/ [索取号:F276.5/g296:1] | 在馆 | |
| 2 | 6503878 | 265038782 | 密集书库-海洋学院/ [索取号:F276.5/g296:1] | 在馆 |